Statistics for Musician Nicknames Quiz

Click here to take the quiz!

General Stats

  • This quiz has been taken 22,378 times
    (15,669 since last reset)
  • The average score is 10 of 22

Answer Stats

Nickname Musician % Correct
The King of PopMichael Jackson
98%
The KingElvis Presley
94%
The Material GirlMadonna
87%
The Purple OnePrince
79%
The BossBruce Springsteen
66%
Ol' Blue EyesFrank Sinatra
65%
The Queen of SoulAretha Franklin
64%
Godfather of SoulJames Brown
56%
The Man in BlackJohnny Cash
53%
The Prince of DarknessOzzy Osbourne or Miles Davis
50%
SatchmoLouis Armstrong
43%
Queen of DiscoDonna Summer
37%
MaccaPaul McCartney
35%
SlowhandEric Clapton
33%
The Thin White DukeDavid Bowie
29%
The Lizard KingJim Morrison
27%
Mr. Las VegasWayne Newton
21%
The Walrus of LoveBarry White
20%
The Motor City MadmanTed Nugent
17%
Red-Headed StrangerWillie Nelson
15%
BocephusHank Williams, Jr.
14%
The Velvet FogMel Torme
14%

Score Distribution

Percentile by Number Answered

Percent of People with Each Score

Your Score History

You have not taken this quiz since the last reset